Wilson's tales of the borders, and of Scotland: historical, traditionary, and imaginative.
Guardat en:
| Autor principal: | |
|---|---|
| Format: | Llibre |
| Idioma: | anglès |
| Publicat: |
London, England, United Kingdom
Walter Scott
1888
|
| Matèries: | |
| Etiquetes: |
Afegir etiqueta
Sense etiquetes, Sigues el primer a etiquetar aquest registre!
|
MARC
| LEADER | 00000nam a2200000 a 4500 | ||
|---|---|---|---|
| 001 | UCH8871 | ||
| 003 | CL-VaPUC | ||
| 005 | 20201005120934.0 | ||
| 008 | 091217e18880000UK |||||||||||||||||eng|d | ||
| 999 | |c 338952 |d 338950 | ||
| 040 | |c Pontificia Universidad Católica de Valparaíso | ||
| 082 | 0 | 4 | |a 823 WIL 1888 |2 21 |
| 100 | 0 | |a Wilson, John Mackay |9 545590 | |
| 245 | 1 | 0 | |a Wilson's tales of the borders, and of Scotland: historical, traditionary, and imaginative. |
| 260 | 0 | 3 | |a London, England, United Kingdom |b Walter Scott |c 1888 |
| 300 | |a volúmenes. | ||
| 583 | |a last modification |c 20091217 00:00:00 |k Rodrigo Vera | ||
| 650 | 7 | |a NOVELAS ESCOCESAS |2 CL-VaPUC |9 348025 | |
| 942 | |c BK |2 ddc | ||
| 945 | |d 20091217 00:00:00 |a rbrito | ||
| 952 | |0 0 |1 0 |4 0 |6 823_000000000000000_WIL_1888 |7 0 |8 X |9 432259 |a FDOBUD |b FDOBUD |d 2019-11-22 |h v.1 |i 4617150 |o 823 WIL 1888 |p 4617150 |r 2019-11-22 |t 1 |w 2019-11-22 |y BK_X |k BUD | ||
| 952 | |0 0 |1 0 |4 0 |6 823_000000000000000_WIL_1888 |7 0 |8 X |9 432260 |a FDOBUD |b FDOBUD |d 2019-11-22 |h v.2 |i 4617169 |o 823 WIL 1888 |p 4617169 |r 2019-11-22 |t 1 |w 2019-11-22 |y BK_X |k BUD | ||
| 952 | |0 0 |1 0 |4 0 |6 823_000000000000000_WIL_1888 |7 0 |8 X |9 432261 |a FDOBUD |b FDOBUD |d 2019-11-22 |h v.5 |i 4617177 |o 823 WIL 1888 |p 4617177 |r 2019-11-22 |t 1 |w 2019-11-22 |y BK_X |k BUD | ||
| 952 | |0 0 |1 0 |4 0 |6 823_000000000000000_WIL_1888 |7 0 |8 X |9 432262 |a FDOBUD |b FDOBUD |d 2019-11-22 |h v.17 |i 4617185 |o 823 WIL 1888 |p 4617185 |r 2019-11-22 |t 1 |w 2019-11-22 |y BK_X |k BUD | ||
| 952 | |0 0 |1 0 |4 0 |6 823_000000000000000_WIL_1888 |7 0 |8 X |9 432263 |a FDOBUD |b FDOBUD |d 2019-11-22 |h v.23 |i 4617193 |o 823 WIL 1888 |p 4617193 |r 2019-11-22 |t 1 |w 2019-11-22 |y BK_X |k BUD | ||